Một góc nhìn lịch sử, văn hóa & con người Việt Nam Tuyển tập công trình nghiên cứu
Thăng Long - Hà Nội ngàn năm văn hiến: cảnh và người; Xã hội - văn hóa Việt truyền thống; Giao lưu, tiếp biến và hỗn dung văn hóa Việt.
Spremljeno u:
| Glavni autor: | |
|---|---|
| Format: | Knjiga |
| Jezik: | Vietnamese |
| Izdano: |
H.
Thông tin và truyền thông
2016
|
| Teme: | |
| Oznake: |
Dodaj oznaku
Bez oznaka, Budi prvi tko označuje ovaj zapis!
|
| Thư viện lưu trữ: | Mạng thư viện Đại học Đà Nẵng |
|---|
| LEADER | 01512nam a2200361 4500 | ||
|---|---|---|---|
| 001 | 000025304 | ||
| 003 | 21797 | ||
| 005 | 20170926150945.0 | ||
| 008 | 170921s2016 viesd | ||
| 020 | |a 978-604-80-1370-7 |c 165000đ | ||
| 041 | 0 | |a vie | |
| 082 | 1 | 4 | |a 959.7 |b NG-H |
| 100 | 1 | |a Nguyễn Thừa Hỷ |c PGS.TS. sử học |d 1937- | |
| 245 | 1 | 0 | |a Một góc nhìn lịch sử, văn hóa & con người Việt Nam |b Tuyển tập công trình nghiên cứu |c Nguyễn Thừa Hỷ |
| 246 | |a Một góc nhìn lịch sử, văn hóa và con người Việt Nam | ||
| 260 | |a H. |b Thông tin và truyền thông |c 2016 | ||
| 300 | |a 498 tr. |b ảnh màu |c 24 cm. | ||
| 520 | 3 | |a Thăng Long - Hà Nội ngàn năm văn hiến: cảnh và người; Xã hội - văn hóa Việt truyền thống; Giao lưu, tiếp biến và hỗn dung văn hóa Việt. | |
| 650 | 0 | 4 | |a Lịch sử |z Việt Nam (Hà Nội) |
| 650 | 0 | 4 | |a Văn hóa |z Việt Nam (Hà Nội) |
| 650 | 0 | 4 | |a Con người |z Việt Nam (Hà Nội) |
| 653 | |a Thăng Long | ||
| 653 | |a Hà Nội | ||
| OWN | |a LSP | ||
| AVA | |a UDN50 |b LSP |d 959.7 NG-H |e available |t Error 5001 Not defined in file expand_doc_bib_avail. |f 5 |g 0 |h N |i 1 |k 1 | ||
| 999 | |a From the UDN01 | ||
| AVA | |a UDN50 |b LSP |d 959.7 NG-H |e available |t Error 5001 Not defined in file expand_doc_bib_avail. |f 5 |g 0 |h N |i 1 |k 1 | ||
| TYP | |a Monograph | ||
| TYP | |a Printed language | ||
| 980 | |a Mạng thư viện Đại học Đà Nẵng | ||


